[Event "Oberbayerische Jugend-EM 2012/13  U12"]
[Site "Riedenburg"]
[Date "2013.02.15"]
[Round "1"]
[White "Daoud, Marcel"]
[Black "Schneider, Paul"]
[Result "1/2-1/2"]
[BlackElo "1011"]
[WhiteElo "1424"]

1.e4 e5 2.Nf3 Nc6 3.Bc4 Nf6 4.Ng5 d5 5.exd5 Na5 6.Bb5+ c6 7.dxc6 bxc6 8.Bd3 h6 9.Ne4
Bd6 10.O-O O-O 11.Nbc3 Bf5 12.Qf3 Bxe4 13.Nxe4 Nxe4 14.Bxe4 Qh4 15.g3 Qd8 16.d3 Rc8
17.Qg4 Qf6 18.Bd2 Nb7 19.Be3 Nc5 20.Qf5 Qxf5 21.Bxf5 Rc7 22.Rfe1 g6 23.Bh3 g5 24.Bxc5
Bxc5 25.c3 f6 26.b4 Bb6 27.Bf5 c5 28.b5 Ba5 29.Rac1 Rd8 30.Re3 Rb7 31.a4 Kf7 32.Kg2
Kg7 33.f4 gxf4 34.gxf4 exf4 35.Rf3 h5 36.Rxf4 Kh6 37.Be4 Rg7+ 38.Kf2 Kg5 39.Rf5+
Kh6 40.Rxf6+ Kg5 41.Rf5+ Kh6 42.Ke2 Bb6 43.Rcf1 Rd6 44.Rf6+ Rxf6 45.Rxf6+ Kg5 46.Rf5+
Kh6 47.Bf3 Rg5 48.Be4 Rxf5 49.Bxf5 Kg5 50.Bd7 Kf4 51.Kd2 Kf3 52.Kc2 h4 53.Kb3 Ke3
54.Kc4 Kf4 55.d4 cxd4 56.cxd4 Ke4 57.Bc6+ Kf5 58.Kd5 Kf6 59.Bd7 Ke7 60.Bg4 Kd8 61.h3
Ke7 62.a5 Bxa5 63.Kc6 Bb6 64.d5 Kd8 65.d6 Bf2 66.d7 Bb6 67.Bf5 Bf2 68.Kd5 Ke7 69.Ke4
Bg3   1/2-1/2

[Event "Oberbayerische Jugend-EM 2012/13  U12"]
[Site "Riedenburg"]
[Date "2013.02.15"]
[Round "1"]
[White "Gilhuber, Max"]
[Black "Pölt, Christoph"]
[Result "0-1"]
[BlackElo "1388"]
[WhiteElo "935"]

1.d4 d5 2.c4 dxc4 3.e4 b5 4.a3 e6 5.Nc3 a6 6.Bf4 Nf6 7.Nf3 Bb7 8.e5 Nd5 9.Nxd5 Bxd5
10.Be2 Be7 11.O-O O-O 12.Qd2 Nd7 13.Rad1 c5 14.Rfe1 Re8 15.h3 Qb6 16.Be3 Rad8 17.Kh1
cxd4 18.Bxd4 Bc5 19.Kg1 Bxd4 20.Nxd4 Nxe5 21.Qe3 Nc6 22.Bf1 Nxd4 23.Qxd4 Qxd4 24.Rxd4
Bb7 25.Red1 Rd5 26.a4 Red8 27.Rxd5 Rxd5 28.Rxd5 Bxd5 29.a5 Kf8 30.Be2 Ke7 31.f3 Kd6
32.Kf2 Kc5 33.Ke3 Kb4 34.Kd4 Kxa5 35.Kc5 Ka4 36.Kb6 a5 37.Bd1+ Kb4 38.g4 h6 39.h4
g5 40.h5 f5 41.Bc2 fxg4 42.fxg4 Bf3 43.Bg6 Bxg4 44.Be8 e5 45.Bg6 Bf3 46.Bf7 g4 47.Be6
g3 48.Bh3 g2 49.Bxg2 Bxg2 50.Kc7 e4 51.Kd6 e3 52.Ke5 e2 53.Kf5 Bf3 54.Kf4 Bxh5 55.Ke5
e1=Q+ 56.Kd6 Qe4 57.Kc7 Qe6 58.Kb7 Bf3+ 59.Kc7 Qc6+ 60.Kd8 Qb7 61.Ke8 h5 62.Kf8 h4
63.Ke8 h3 64.Kf8 h2 65.Ke8 h1=Q 66.Kd8 Qh8#   0-1

[Event "Oberbayerische Jugend-EM 2012/13  U12"]
[Site "Riedenburg"]
[Date "2013.02.15"]
[Round "1"]
[White "Yaroshenko, Yaroslav"]
[Black "Gerlinger, Luis"]
[Result "0-1"]
[BlackElo "918"]
[WhiteElo "1280"]

1.e4 e5 2.f4 d5 3.exd5 exf4 4.Nf3 Nf6 5.Bc4 Bg4 6.O-O Bc5+ 7.d4 Bb6 8.Re1+ Kf8 9.c3
Nxd5 10.Bxd5 Qxd5 11.Bxf4 Nc6 12.Nbd2 h6 13.h3 Bf5 14.b4 Kg8 15.c4 $2 Bxd4+ 16.Nxd4
Qxd4+ 17.Be3 Qd3 18.a3 Kh7 19.Qf3 Rhe8 20.c5 Rad8 21.Rab1 Nd4 22.Bxd4 Qxd4+ 23.Kh1
Bxb1 24.Rxe8 Rxe8   0-1

[Event "Oberbayerische Jugend-EM 2012/13  U12"]
[Site "Riedenburg"]
[Date "2013.02.15"]
[Round "1"]
[White "Speter, Ivan"]
[Black "Feicht, Florian"]
[Result "0-1"]
[BlackElo "1222"]
[WhiteElo "903"]

1.d4 d5 2.Nf3 Nc6 3.e3 Nf6 4.Bd3 Bg4 5.Nbd2 e6 6.h3 Bh5 7.g4 Bg6 8.Bxg6 hxg6 9.g5
Nd7 10.e4 Bb4 11.exd5 exd5 12.Qe2+ Qe7 13.Qxe7+ Nxe7 14.a3 Ba5 15.Ne5 Nxe5 16.dxe5
O-O-O 17.O-O Rxh3 18.Nb3 Bb6 19.Be3 Rdh8 20.Bxb6 axb6 21.Rae1 R8h4 22.Kg2 Rh2+ 23.Kf3
R4h3+ 24.Ke2 Nf5 25.Kd1 Rf3 26.e6 fxe6 27.Rxe6 Kd7 28.Rxg6 Ne3+ 29.Ke2 Nxf1 30.Kxf3
Rh7 31.Nd4 Nd2+ 32.Ke2 Nc4 33.Nf5 Ne5 34.Rxg7+ Rxg7 35.Nxg7 Nf7 36.g6 Ne5 37.Nh5
Nxg6 38.f4 Ke6 39.Kf3 c5 40.Ng7+ Kf6 41.Ne8+ Ke7 42.f5 Kxe8 43.fxg6 Kf8 44.Kg4 Kg7
45.Kg5 d4 46.Kh5 c4 47.Kg4 Kxg6 48.Kf3 $4 (48.Kf4 d3 49.cxd3 cxd3 50.Ke3 Kf5 51.Kxd3
Ke5 52.Kc4 Kd6 53.Kb5 Kc7 54.b3) 48...Kf5 49.Ke2 Ke4 50.Kd2 b5 51.b3 cxb3 52.cxb3
b6 53.a4 bxa4 54.bxa4 d3 55.Kd1 Kd4 56.Kd2 Kc4 57.Ke3 Kc3   0-1

[Event "Oberbayerische Jugend-EM 2012/13  U12"]
[Site "Riedenburg"]
[Date "2013.02.15"]
[Round "1"]
[White "Feicht, Franz"]
[Black "Kleine, Jakob"]
[Result "0-1"]
[BlackElo "896"]
[WhiteElo "1172"]

1.e4 e5 2.Nf3 Nc6 3.Bc4 Be7 4.d3 Nf6 5.Nc3 O-O 6.O-O d6 7.h3 Be6 8.Bb3 d5 9.Bg5 d4
10.Bxf6 Bxf6 11.Nd5 Bxd5 12.Bxd5 Qd6 13.Qd2 h6 14.Nh2 Rab8 15.Ng4 Ne7 16.Bc4 Bg5
17.Qe2 b5 18.Bb3 a5 19.a3 a4 20.Ba2 c6 21.Rad1 Ng6 22.Qe1 Nf4 23.c3 Rfe8 24.cxd4
Qxd4 25.Qc3 $4 Ne2+ 26.Kh1 Nxc3 27.bxc3 Qxc3 28.Bb1 Qxa3 29.Nh2 Qc3 30.Nf3 c5 31.Ne1
Ra8 32.Bc2 c4 33.Rb1 Reb8 34.dxc4 bxc4 35.Rxb8+ Rxb8 36.Bxa4 Qa1 37.Bc2 Bd2 38.Rg1
Bxe1 39.Kh2 Qc3 40.Bd1 Bxf2 41.Rf1 Qg3+ 42.Kh1 Rc8 43.Bc2 c3 44.Rc1 Kf8 45.Bb3 Qe3
46.Rf1 c2 47.Bxc2 Rxc2 48.Kh2 Bg3+ 49.Kh1 Qxe4 50.Rg1 h5 51.h4 f6 52.Rd1 Qxg2#  
0-1

[Event "Oberbayerische Jugend-EM 2012/13  U12"]
[Site "Riedenburg"]
[Date "2013.02.16"]
[Round "2"]
[White "Pölt, Christoph"]
[Black "Gerlinger, Luis"]
[Result "1-0"]
[BlackElo "918"]
[WhiteElo "1388"]

1.e4 e5 2.Nf3 Nc6 3.Bc4 Nf6 4.Ng5 d5 5.exd5 b5 6.Bxb5 Qxd5 7.Bxc6+ Qxc6 8.O-O Bb7
9.Qf3 e4 10.Qc3 Bc5 11.b4 e3 12.Nf3 exf2+ 13.Kh1 Bb6 14.Qxc6+ Bxc6 15.Bb2 Bb5 16.d3
O-O 17.c4 Bc6 18.c5 Bxf3 19.gxf3 Rfe8 20.cxb6 Re1 21.Nc3 Rae8 22.bxc7 h6 23.c8=Q
Rxc8 24.Raxe1 fxe1=Q 25.Rxe1 Re8 26.Rxe8+ Nxe8 27.Kg2 Nd6 28.Ne4 Nf5 29.Kf2 Kf8 30.Ng3
Nh4 31.b5 Ng6 32.Nf5 f6 33.Ke3 Kf7 34.Bd4 Ke6 35.Nxg7+ Kd5 36.Bxf6 Nf8 37.Bd4 Ng6
38.Nf5 h5 39.Bxa7 Ke6 40.Nd4+ Kd7 41.b6 Kc8 42.a4 Kb7 43.a5 Ne7 44.Ke4 Nc8 45.Nb5
h4 46.f4 Nxa7 47.Nxa7 Kb8 48.f5 Ka8 49.f6 h3 50.f7 Kb7 51.f8=Q Ka6 52.Qc8+ Kxa5 53.b7
Ka6 54.b8=R+ Kxa7 55.Qb7#   1-0

[Event "Oberbayerische Jugend-EM 2012/13  U12"]
[Site "Riedenburg"]
[Date "2013.02.16"]
[Round "2"]
[White "Kleine, Jakob"]
[Black "Wachtel, Arthur"]
[Result "1/2-1/2"]
[BlackElo "1067"]
[WhiteElo "896"]

1.e4 e6 2.Nf3 d5 3.exd5 exd5 4.d4 Nf6 5.Bg5 h6 6.Bh4 Be7 7.Bb5+ Bd7 8.Nc3 O-O 9.O-O
Bxb5 10.Nxb5 a6 11.Nc3 Nc6 12.Re1 Re8 13.Ne5 Nxe5 14.Rxe5 c6 15.Qe2   1/2-1/2

[Event "Oberbayerische Jugend-EM 2012/13  U12"]
[Site "Riedenburg"]
[Date "2013.02.16"]
[Round "2"]
[White "Yaroshenko, Yaroslav"]
[Black "Daoud, Marcel"]
[Result "0-1"]
[BlackElo "1424"]
[WhiteElo "1280"]

1.e4 e6 2.d4 d5 3.exd5 exd5 4.Nf3 Bg4 5.Bf4 Nc6 6.Be2 Bd6 7.Bg3 Nge7 8.O-O Qd7 9.Nc3
Bxg3 10.fxg3 O-O-O 11.Bb5 Qd6 12.Qd2 f6 13.Bxc6 Nxc6 14.Rae1 Kb8 15.Nb5 Qb4 16.Qxb4
Nxb4 17.c3 Nc6 18.Re3 Rhe8 19.Rfe1 Rxe3 20.Rxe3 a6 21.Na3 Bf5 22.Kf2 Kc8 23.Ke2 Kd7
24.Kd2 Na5 25.b3 Re8 26.Rxe8 Kxe8 27.Nc2 Kd7 28.Ne3 Be4 29.Ke2 Ke6 30.Nd2 Bg6 31.Kf3
b6 32.Kf4 c5 33.dxc5 bxc5 34.g4 d4 35.cxd4 cxd4 36.Nf5 Bxf5 37.gxf5+ Kd5 38.g4 Nc6
39.h3 Nb4 40.a3 Nc2 41.a4 Kc5 42.Ke4 Kb4 43.Kd3 Na1 44.Kxd4 Nxb3+ 45.Nxb3 Kxb3 46.Kc5
Kxa4 47.Kc4 Ka3 48.Kd5 Kb4 49.Ke6 a5 50.Kf7 a4 51.Kxg7 a3 52.Kxf6 a2 53.Kg7 a1=Q+
54.Kxh7 Qf6 55.h4 Qxh4+ 56.Kg6 Qxg4+ 57.Kf6 Qg8 58.Ke7 Qg7+ 59.Ke6 Kc5 60.f6 Qf8
61.f7   0-1

[Event "Oberbayerische Jugend-EM 2012/13  U12"]
[Site "Riedenburg"]
[Date "2013.02.16"]
[Round "2"]
[White "Schneider, Paul"]
[Black "Feicht, Franz"]
[Result "1-0"]
[BlackElo "1172"]
[WhiteElo "1011"]

1.e4 e5 2.Nf3 Nc6 3.d4 exd4 4.Nxd4 Nxd4 5.Qxd4 d6 6.Nc3 Nf6 7.Bg5 Be7 8.Bxf6 Bxf6
9.Qd5 Qe7 10.Bb5+ Kd8 11.Ba6 c6 12.Qa5+ b6 13.Qa4 Bxa6 14.Qxa6 Bxc3+ 15.bxc3 Qxe4+
16.Kf1 Re8 17.h3 Qe7 18.g3 Qc7 19.Qc4 f6 20.Re1 Rxe1+ 21.Kxe1 d5 22.Qh4 h6 23.Kd2
Qe5 24.f4 Qd6 25.Re1 d4 26.Qh5 dxc3+ 27.Kxc3 Kc7 28.Qf7+ Kc8 29.Re8+ Qd8 30.Rxd8+
Kxd8 31.Qf8+   1-0

[Event "Oberbayerische Jugend-EM 2012/13  U12"]
[Site "Riedenburg"]
[Date "2013.02.16"]
[Round "2"]
[White "Deppe, Martin"]
[Black "Speter, Ivan"]
[Result "1-0"]
[BlackElo "903"]
[WhiteElo "1099"]

1.e4 e5 2.Nf3 Nc6 3.Bc4 Nf6 4.Nc3 Bc5 5.d3 d6 6.Bg5 h6 7.Bxf6 Qxf6 8.Nd5 Qd8 9.Bb5
O-O 10.Bxc6 bxc6 11.Nc3 Bd4 12.Qd2 Rb8 13.Rb1 c5 14.b3 c6 15.O-O Qa5 16.Na4 Qxd2
17.Nxd2 d5 18.c3 Ba6 19.c4 dxc4 20.dxc4 Rfd8 21.Rfd1 Rd6 22.Nf3 Rb4 23.Rbc1 Bc8 24.Nc3
Rd7 25.Ne2 Rbb7 26.Nexd4 cxd4 27.Nxe5 Rd6 28.c5 Re6 29.Nxc6 Rxe4 30.Nxd4 Rd7 31.Nf3
Rde7 32.Rd8+ Re8 33.Rxe8+ Rxe8 34.h3 Rd8 35.Ne5 Rd2 36.a4 Rb2 37.Rc3 Be6 38.Nc4 Rb1+
39.Kh2 Bxc4 40.Rxc4 Rxb3 41.c6 Rb8 42.c7 Rc8 43.Kg3 Kh7 44.Kf4 f6 45.Kf5 Kg8 46.Ke6
Kf8 47.Kd7 Ra8 48.c8=Q+ Rxc8 49.Rxc8+   1-0

[Event "Oberbayerische Jugend-EM 2012/13  U12"]
[Site "Riedenburg"]
[Date "2013.02.16"]
[Round "3"]
[White "Feicht, Florian"]
[Black "Pölt, Christoph"]
[Result "0-1"]
[BlackElo "1388"]
[WhiteElo "1222"]

1.e4 e5 2.Nf3 Nc6 3.Nc3 Nf6 4.Bc4 Bc5 5.d3 h6 6.O-O d6 7.h3 Be6 8.Bb3 O-O 9.Be3 Bb6
10.Qe2 Qd7 11.Ba4 Rfe8 12.Nd5 Nxd5 13.exd5 Bxd5 14.c4 Be6 15.Rab1 Qe7 16.b4 Nd4 17.Bxd4
Bxd4 18.Bxe8 Rxe8 19.Qe4 Bc8 20.Rfe1 $2 (20.Nxd4 exd4 21.Qxe7 Rxe7 22.Rfe1) 20...Bc3
21.Re2 Qf6 22.Qd5 Qg6 23.Kh1 c6 24.Qe4 Bf5 25.Nh4 Bxe4 26.Nxg6 Bxg6 27.Re3 Bd4 28.Rf3
Kf8 29.b5 e4 30.dxe4 Bxe4 31.bxc6 bxc6 32.Rd1 Bxf3 33.Rxd4 Be2 34.Rxd6 Bxc4 35.Rxc6
Bxa2 36.Ra6 Bd5 37.Rxa7 Re5 38.Ra5 $4 Bxg2+   0-1

[Event "Oberbayerische Jugend-EM 2012/13  U12"]
[Site "Riedenburg"]
[Date "2013.02.16"]
[Round "3"]
[White "Daoud, Marcel"]
[Black "Kleine, Jakob"]
[Result "1-0"]
[BlackElo "896"]
[WhiteElo "1424"]

1.e4 e5 2.Nf3 Nc6 3.Bc4 Be7 4.O-O Nf6 5.Nc3 O-O 6.d4 exd4 7.Nxd4 Bc5 8.Nb3 Bb4 9.f3
Bxc3 10.bxc3 d6 11.Nd4 Ne5 12.Bb3 c5 13.Nb5 c4 14.Ba4 Bd7 15.Ba3 Ne8 16.f4 Bxb5 17.Bxb5
Qb6+ 18.Qd4 Qxb5 19.fxe5 Nc7 20.exd6 Ne6 21.Qf2 Rfd8 22.Qxf7+ Kh8 23.Qxe6 Rd7 24.Kh1
Rad8 25.Rf5   1-0

[Event "Oberbayerische Jugend-EM 2012/13  U12"]
[Site "Riedenburg"]
[Date "2013.02.16"]
[Round "3"]
[White "Wachtel, Arthur"]
[Black "Schneider, Paul"]
[Result "1-0"]
[BlackElo "1011"]
[WhiteElo "1067"]

1.e4 e5 2.Nf3 Nc6 3.Bc4 Nf6 4.d3 Bc5 5.c3 d6 6.Bb3 Bg4 7.h3 Bh5 8.Nbd2 O-O 9.Nf1 Re8
10.Ng3 Bxf3 11.Qxf3 Ne7 12.Nh5 h6 13.Nxf6+ gxf6 14.Qxf6 Nd5 15.Qxd8 Rexd8 16.Bxd5
c6 17.Bb3 Kh7 18.O-O Kg6 19.Be3 Bxe3 20.fxe3 f6 21.d4 Rd7 22.Rf2 Rad8 23.Raf1 Rf8
24.Rf3 b5 25.dxe5 dxe5 26.Rd1 Rxd1+ 27.Bxd1 Rd8 28.Bc2 Rd2 29.Rf2 Rd8 30.a4 b4 31.cxb4
Rb8 32.Rd2 Rxb4 33.b3 Kf7 34.Rd7+ Ke6 35.Rxa7 Kd6 36.a5 Rb8 37.a6 Kc5 38.Rb7 Ra8
39.Bd3 h5 40.Kf2 h4 41.g3 hxg3+ 42.Kxg3 Rg8+ 43.Kf2 Ra8 44.h4 Kd6 45.h5 Kc5 46.h6
f5 47.exf5 Kd6 48.a7 e4 49.Bxe4 Ke5 50.Kf3 c5 51.Re7+ Kd6 52.Re6+ Kc7 53.Bxa8 c4
54.Be4 c3 55.a8=Q c2 56.Qa7+ Kd8 57.Qf7 c1=N 58.Re8#   1-0

[Event "Oberbayerische Jugend-EM 2012/13  U12"]
[Site "Riedenburg"]
[Date "2013.02.16"]
[Round "3"]
[White "Gerlinger, Luis"]
[Black "Deppe, Martin"]
[Result "1-0"]
[BlackElo "1099"]
[WhiteElo "918"]

1.e4 e5 2.Nf3 Nc6 3.Bc4 Nf6 4.Nc3 Bc5 5.d3 d6 6.Bg5 O-O 7.Nd5 Be6 8.Nxf6+ gxf6 9.Bh6
Re8 10.Bb3 Bxb3 11.axb3 Re6 12.Nd4 f5 13.Nxe6 fxe6 14.Qf3 Qf6 15.Qg3+ Kf7 16.Qg5
Nb4 17.Rc1 fxe4 18.dxe4 Qxf2+ 19.Kd1 Rg8 20.Qh5+ Rg6 21.c3 Nd3 22.Rc2 Nxb2+ 23.Kc1
Nd3+ 24.Kb1 Qf6 25.Rd1 Nf2 26.Rf1 d5 27.exd5 exd5 28.b4 Bb6 29.h4 Kg8 30.Bg5 Qf8
31.Qf3 Qxf3 32.gxf3 h6 33.Be7 Re6 34.Bc5 Bxc5 35.bxc5 Nd3 36.Rg1+ Kf7 37.Rd2 e4 38.fxe4
dxe4 39.Rf1+ Ke7 40.Rg2 Nxc5 41.Rg7+ Kd6 42.Rd1+ Kc6 43.h5 e3 44.Rg6 e2 45.Re1 Kd7
46.Rxe6 Nxe6 47.Rxe2 Nf4 48.Rh2 Ke6 49.Rh4 Kf5 50.Kc2 Kg5 51.Rh1 Nxh5 52.Rg1+ Kf5
53.Kd3 Nf4+ 54.Ke3 h5 $4 55.Rf1 Kg4 56.Rxf4+ Kg3 57.Rf2 a5 58.Ke2 a4 59.Kf1 h4 60.Kg1
h3 61.Ra2 b5 62.Ra3 Kg4 63.c4 b4 $2 (63...c6 64.cxb5 cxb5) 64.Rxa4 b3 65.Rb4 Kf4 66.Rxb3
Ke4 67.Rb7 c5 68.Rd7 Ke5 69.Kh2 Ke6 70.Rd1 Ke5 71.Kxh3 Ke4 72.Kg2 Ke3 73.Kf1 Ke4
74.Ke2 Ke5 75.Ke3 Kf6 76.Ke4 Ke6 77.Rd5   1-0

[Event "Oberbayerische Jugend-EM 2012/13  U12"]
[Site "Riedenburg"]
[Date "2013.02.16"]
[Round "3"]
[White "Speter, Ivan"]
[Black "Yaroshenko, Yaroslav"]
[Result "0-1"]
[BlackElo "1280"]
[WhiteElo "903"]

1.d4 d5 2.Nf3 Nc6 3.e3 Bf5 4.Bd3 Bg6 5.b3 e6 6.Bb2 Nf6 7.Bxg6 hxg6 8.O-O Ne4 9.Nbd2
f5 10.Nxe4 dxe4 11.Ne5 Nxe5 12.dxe5 Qh4 13.h3 g5 14.Qe2 O-O-O 15.f3 exf3 16.Qxf3
g4 17.hxg4 fxg4 18.Qf7 Qh2+ 19.Kf2 g3+ 20.Ke1 Bb4+ 21.c3 Ba5 22.Qxe6+ Kb8 23.Qe7
Qxg2 24.Qxg7 Qd2#   0-1

[Event "Oberbayerische Jugend-EM 2012/13  U12"]
[Site "Riedenburg"]
[Date "2013.02.17"]
[Round "4"]
[White "Pölt, Christoph"]
[Black "Daoud, Marcel"]
[Result "1-0"]
[BlackElo "1424"]
[WhiteElo "1388"]

1.e4 e6 2.d4 d5 3.exd5 exd5 4.Nf3 Bg4 5.Bb5+ c6 6.Bd3 Qf6 7.Be2 Bd6 8.Be3 Ne7 9.Bg5
Qg6 10.Bxe7 Bxe7 11.Qd2 Bf5 12.g4 Bxc2 13.Ne5 Qe4 14.f3 Bb4 15.fxe4 Bxd2+ 16.Nxd2
f6 17.Nd3 O-O 18.Rc1 Ba4 19.Nc5 Bb5 20.Bxb5 cxb5 21.exd5 b6 22.Nce4 Na6 23.a3 Rad8
24.d6 Rfe8 25.O-O Kf7 26.Rce1 Rd7 27.Ng5+   1-0

[Event "Oberbayerische Jugend-EM 2012/13  U12"]
[Site "Riedenburg"]
[Date "2013.02.17"]
[Round "4"]
[White "Wachtel, Arthur"]
[Black "Feicht, Florian"]
[Result "1/2-1/2"]
[BlackElo "1222"]
[WhiteElo "1067"]

1.e4 e5 2.Nf3 Nc6 3.Bc4 Nd4 4.Nc3 Nxf3+ 5.Qxf3 Nf6 6.d3 d6 7.h3 Be7 8.Bg5 Be6 9.Bxe6
fxe6 10.O-O-O O-O 11.h4 h6 12.Be3 Nd5 13.Qh3 Nxe3 14.fxe3 Rf6 15.g4 Qc8 16.Rdf1 c6
17.g5 Rxf1+ 18.Rxf1   1/2-1/2

[Event "Oberbayerische Jugend-EM 2012/13  U12"]
[Site "Riedenburg"]
[Date "2013.02.17"]
[Round "4"]
[White "Gerlinger, Luis"]
[Black "Gilhuber, Max"]
[Result "1/2-1/2"]
[BlackElo "935"]
[WhiteElo "918"]

1.e4 d5 2.exd5 Qxd5 3.Nc3 Qa5 4.d4 Nf6 5.Nf3 Bg4 6.Be2 e6 7.Ne5 Bxe2 8.Qxe2 c6 9.O-O
Be7 10.Bg5 O-O 11.Rae1 Qc7 12.Bxf6 Bxf6 13.Qg4 Na6 14.a3 Rfe8 15.Re3 Re7 16.Ne2 g6
17.Nf4   1/2-1/2

[Event "Oberbayerische Jugend-EM 2012/13  U12"]
[Site "Riedenburg"]
[Date "2013.02.17"]
[Round "4"]
[White "Schneider, Paul"]
[Black "Kleine, Jakob"]
[Result "1/2-1/2"]
[BlackElo "896"]
[WhiteElo "1011"]

1.e4 e5 2.Nf3 Nc6 3.Bc4 Bc5 4.d3 h6 5.Nc3 Nf6 6.Nd5 d6 7.O-O Bg4 8.h3 Bh5 9.Bb5 O-O
10.c3 a6 11.Nxf6+ Qxf6 12.Bc4 Bxf3 13.Qxf3 Qxf3 14.gxf3 Kh8 15.b4 Ba7 16.f4 Rad8
17.Be3 Bxe3 18.fxe3 b5 19.Bd5 Ne7 20.a4 c6 21.Bb3 exf4 22.exf4 c5 23.Kg2 f5 24.Kg3
fxe4 25.dxe4 c4 26.Bc2 Rf7 27.axb5 axb5 28.Ra6   1/2-1/2

[Event "Oberbayerische Jugend-EM 2012/13  U12"]
[Site "Riedenburg"]
[Date "2013.02.17"]
[Round "4"]
[White "Deppe, Martin"]
[Black "Yaroshenko, Yaroslav"]
[Result "0-1"]
[BlackElo "1280"]
[WhiteElo "1099"]

1.e4 e5 2.Nf3 Nc6 3.Nc3 Nf6 4.Bc4 Bc5 5.d3 d6 6.Bb5 Bd7 7.Nd5 Nxd5 8.exd5 Ne7 9.c4
a6 10.Bxd7+ Qxd7 11.d4 exd4 12.Nxd4 O-O 13.O-O Nf5 14.Nxf5 Qxf5 15.Be3 Bxe3 16.fxe3
Qe4 17.Qc1 Rfe8 18.Rf3 Re7 19.Qc3 Rae8 20.Re1 Re5 21.b3 g5 22.Rg3 h6 23.Rh3 Kh7 24.Qc1
f5 25.Qd1 g4 26.Rh4 Kg6 27.h3 h5 28.hxg4 hxg4 29.Kh2 R8e7 30.Qe2 Qxe3 31.Rxg4+ fxg4
32.Qxg4+ Qg5 33.Qxg5+ Kxg5 34.Rg1 Re1 35.Rxe1 Rxe1 36.Kg3 Ra1 37.Kf3 Rxa2 38.g4 Ra3
39.Ke4 Kxg4 40.b4 c6 41.dxc6 bxc6 42.c5 dxc5 43.bxc5 Rc3 44.Kd4 Rc1   0-1

[Event "Oberbayerische Jugend-EM 2012/13  U12"]
[Site "Riedenburg"]
[Date "2013.02.17"]
[Round "5"]
[White "Pölt, Christoph"]
[Black "Wachtel, Arthur"]
[Result "1/2-1/2"]
[BlackElo "1067"]
[WhiteElo "1388"]

1.e4 e6 2.d4 d5 3.exd5 exd5 4.Nc3 Bb4 5.Bd2 Nc6 6.Bb5 Nge7 7.Nge2 a6 8.Bd3 Be6 9.O-O
O-O 10.a3 Bd6 11.Bf4 Ng6 12.Bxd6 Qxd6 13.Qd2 Rfe8 14.Ng3 Nge7 15.Nce2 Ng6 16.c3 Rad8
17.Rfe1 Qd7 18.Nf4 Nxf4   1/2-1/2

[Event "Oberbayerische Jugend-EM 2012/13  U12"]
[Site "Riedenburg"]
[Date "2013.02.17"]
[Round "5"]
[White "Daoud, Marcel"]
[Black "Gilhuber, Max"]
[Result "1-0"]
[BlackElo "935"]
[WhiteElo "1424"]

1.e4 e6 2.d4 Bb4+ 3.c3 Ba5 4.Bd3 Ne7 5.Nf3 b6 6.b4 Bxb4 7.cxb4 Bb7 8.O-O Nbc6 9.a3
d6 10.Bb2 d5 11.Nbd2 Qd7 12.Qc2 a6 13.Rfe1 O-O-O 14.b5 Nb8 15.Ne5 Qe8 16.Rec1 Rd7
17.Nxd7 Qxd7 18.Nf3 f6 19.exd5 Nxd5 20.bxa6 Nxa6 21.Nd2 Kb8 22.Qb3 Rc8 23.Bc3 Qc6
24.f3 Nf4 25.Bb5 Qd6 26.Qa4 Rd8 27.Bxa6 Ka7 28.Bxb7+ Kxb7 29.Re1 Nd5 30.Ne4 Qd7 31.Qxd7
Rxd7 32.Rad1 f5 33.Nc5+ bxc5 34.dxc5 c6 35.Rb1+ Kc8 36.Be5 Rf7 37.Rb8+ Kd7 38.Rb7+
Ke8 39.Rxf7 Kxf7 40.a4 Nb4 41.a5 Ke7 42.Rb1 Na6 43.Bd6+ Kd7 44.Rb6 Kc8 45.Rxa6 Kb7
46.Rxc6 Ka7 47.Rb6 g6 48.c6 h5 49.c7 h4 50.c8=Q g5 51.Ra6#   1-0

[Event "Oberbayerische Jugend-EM 2012/13  U12"]
[Site "Riedenburg"]
[Date "2013.02.17"]
[Round "5"]
[White "Feicht, Florian"]
[Black "Gerlinger, Luis"]
[Result "1-0"]
[BlackElo "918"]
[WhiteElo "1222"]

1.e4 e5 2.Nf3 Nc6 3.Bc4 Nf6 4.Nc3 Bc5 5.d3 d6 6.h3 Be6 7.Bb3 Qe7 8.Bg5 h6 9.Bh4 g5
10.Bg3 O-O-O 11.Bd5 Qd7 12.a3 g4 13.Bxe6 Qxe6 14.hxg4 Qxg4 15.Nd5 Nxd5 16.exd5 Nd4
17.b4 Bb6 18.Nxd4 Qxd1+ 19.Rxd1 Bxd4 20.Rc1 Bc3+ 21.Ke2 Rde8 22.Kf3 f5 23.Ke2 e4
24.Rhg1 exd3+ 25.Kxd3 Bb2 26.Rb1 Bxa3 27.Rb3   1-0

[Event "Oberbayerische Jugend-EM 2012/13  U12"]
[Site "Riedenburg"]
[Date "2013.02.17"]
[Round "5"]
[White "Yaroshenko, Yaroslav"]
[Black "Schneider, Paul"]
[Result "1/2-1/2"]
[BlackElo "1011"]
[WhiteElo "1280"]

1.e4 e5 2.Nf3 Nc6 3.Bc4 Nf6 4.d3 Bc5 5.Nc3 O-O 6.Bg5 h6 7.Bh4 Bb4 8.O-O Bxc3 9.bxc3
d6 10.Re1 Bg4 11.h3 Bxf3 12.Qxf3 a6 13.Rad1 Re8 14.d4 Qe7 15.Bd5 Rab8 16.Qd3 g5 17.Bg3
Ra8 18.h4 Nh5 19.hxg5 Qxg5 20.Re3 exd4 21.cxd4 Nb4   1/2-1/2

[Event "Oberbayerische Jugend-EM 2012/13  U12"]
[Site "Riedenburg"]
[Date "2013.02.17"]
[Round "5"]
[White "Feicht, Franz"]
[Black "Deppe, Martin"]
[Result "1-0"]
[BlackElo "1099"]
[WhiteElo "1172"]

1.e4 e5 2.Nf3 Nc6 3.Bc4 Bc5 4.Nc3 Nf6 5.d3 d6 6.h3 Be6 7.Bb3 O-O 8.Bg5 h6 9.Bh4 Bb4
10.d4 d5 11.O-O Bxc3 12.bxc3 Qd6 13.Bxf6 gxf6 14.dxe5 fxe5 15.exd5 e4 16.Nh2 Qc5
17.dxe6 fxe6 18.Bxe6+ Kh8 19.Qd2 Rxf2 20.Qxf2 e3 21.Qf6+ Kh7 22.Bf5+ Kg8 23.Qg6+
Kf8 24.Bd7+ Ke7 25.Qe6+   1-0

[Event "Oberbayerische Jugend-EM 2012/13  U12"]
[Site "Riedenburg"]
[Date "2013.02.17"]
[Round "5"]
[White "Kleine, Jakob"]
[Black "Speter, Ivan"]
[Result "1-0"]
[BlackElo "903"]
[WhiteElo "896"]

1.e4 e5 2.Nf3 Nc6 3.Bc4 Nf6 4.Ng5 d5 5.exd5 Nxd5 6.Nxf7 Kxf7 7.Qf3+ Qf6 8.Qxf6+ Kxf6
9.Bxd5 Nd4 10.Bb3 Nxb3 11.axb3 Bc5 12.O-O Ke7 13.Nc3 c6 14.d3 Rf8 15.Be3 Bxe3 16.fxe3
Rxf1+ 17.Rxf1 Be6 18.b4 b6 19.d4 Bc4 20.Rf3 exd4 21.exd4 Rd8 22.Rf4 c5 23.dxc5 bxc5
24.Rxc4 cxb4 25.Rxb4 Kf8 26.Rb7 Rd2 27.Rxa7 Rxc2 28.Na4 Rc1+ 29.Kf2 Ra1 30.Ra6 Ke7
31.h3 g6 32.g4 Kf7 33.Nc5 Rc1 34.Nd3 Rc2+ 35.Ke3 Kg7 36.b4 h5 37.gxh5 gxh5 38.b5
Rc3 39.Kd4 Rb3 40.b6 Kg6 41.b7+ Kf5 42.Nc5 Rb4+ 43.Kd5 h4 44.Ra8 Kf4 45.Nd3+ Kg3
46.Nxb4 Kxh3 47.b8=Q Kg2 48.Qf4 h3 49.Rh8 h2 50.Rxh2+ Kg1 51.Qf2#   1-0